| 000 | 00449nam a2200157 i 4500 | ||
|---|---|---|---|
| 001 | 28285 | ||
| 003 | ES-MaACL | ||
| 005 | 20230906153821.0 | ||
| 007 | t| | ||
| 008 | 030116s1919 sp ||||1| spa d | ||
| 100 | 1 |
_aBadia Malagrida, Carlos. _924545 |
|
| 245 | 1 | 3 |
_aEl factor geográfico en la polĂtica Sudamericana / _cCarlos Badia Malagrida. |
| 260 |
_aMadrid : _bJaime Ratis, _c1919. |
||
| 300 |
_a587 p. ; _c22 cm. |
||
| 852 |
_aES-MaACL _jF-3438 |
||
| 999 |
_c28285 _d28285 |
||